000 00664nam a2200229Ia 4500
003 OSt
005 20221007080856.0
006 a|||||r|||| 00| 0
007 ta
008 221006b |||||||| |||| 00| 0 eng d
024 _a32,416
037 _cTextual
040 _aFLL
_cFLL
_beng
041 _2eng
_aeng
082 _aV73:2:9Z:8813, H6;L1;1
100 _aKonefsky Samuel J.
_9613807
245 0 _aChief justice stone and the supreme court
260 _aNew York
_bHafner Publishing Company USA
_c1971
300 _axxvi,290p
_ccm.
942 _hV73:2:9Z:8813, H6;L1;1
_cTEXL
_2CC
999 _c1161215
_d1161215